00818 2200265 4500001002100000005001700021008004100038020002200079035002500101040001200126082001400138084001800152100001600170245015900186250001100345260003800356300003500394650002200429700002100451700001400472850001200486990001800498990001800516990001800534INLIS00000000000886220151015135723.0  a978-602-7728-91-2 a0010-081500000000300 aYOPDYOG 223a028.5 aK 028.5 Bay S aBAYU ADITYA a101 best stories for childrenb: kumpulan dongeng penuh hikmah termasyur sepanjang masac/ Bayu Aditya ; penyunting, Kak Intan Putri ; ilustrasi Ajon P.H. aCet. 1 aYogyakartabIdea World Kidzc2014 aii, 102 hlm.b: ilus. ;c26 cm aKesusastraan anak aIntan Putri, Kak aAjon P.H. aYOPDYOG a14430-PD/B.15 a14431-PD/B.15 a14432-PD/B.15